[Event "Denizli op"]
[Site "Denizli"]
[Date "2025.07.08"]
[Round "2"]
[White "Deveci, Huseyin Said"]
[Black "Rostami, Mohsen"]
[Result "1-0"]
[WhiteElo "2212"]
[BlackElo "2060"]
[PlyCount "83"]
[EventDate "2025.07.07"]
[EventType "swiss"]
[EventRounds "9"]
[EventCountry "TUR"]
[SourceTitle "CB29_2025"]
[SourceDate "2025.07.16"]
[SourceVersion "1"]
[SourceVersionDate "2025.07.16"]
[SourceQuality "1"]

1. e4 e5 2. Nf3 Nc6 3. Bc4 Nf6 4. d3 h6 5. c3 d6 6. b4 Be6 7. Nbd2 Qd7 8. Bb2 Be7 9. a4 g5 10. h3 Rg8 11. a5 a6 12. b5 Nd8 13. bxa6 bxa6 14. Ba3 h5 15. h4 g4 16. Ng5 Bxc4 17. Nxc4 Ne6 18. Bc1 Qc6 19. Qe2 Nd7 20. 0-0 Bxg5 21. Bxg5 Nxg5 22. hxg5 Rxg5 23. Rab1 h4 24. Ne3 h3 25. Rb4 hxg2 26. Kxg2 f5 27. Qa2 Nc5 28. Rfb1 d5 29. Nxd5 f4 30. Rh1 f3+ 31. Kf1 Ne6 32. Rh8+ Kd7 33. Rh7+ Rg7 34. Rh6 Rf8 35. Rc4 Qd6 36. Rxc7+ Qxc7 37. Nxc7 Nxc7 38. Qa3 Nb5 39. Qxf8 Re7 40. Rxa6 Nc7 41. Ra7 Rh7 42. Qf5+ 1-0

[Event "Ankara Baskent Univ op 8th"]
[Site "Ankara"]
[Date "2025.07.05"]
[Round "7"]
[White "Rostami, Mohsen"]
[Black "Ekinci, Berkay"]
[Result "1-0"]
[WhiteElo "2060"]
[BlackElo "2000"]
[PlyCount "91"]
[EventDate "2025.07.01"]
[EventType "swiss"]
[EventRounds "9"]
[EventCountry "TUR"]
[SourceTitle "CB28_2025"]
[SourceDate "2025.07.09"]
[SourceVersion "1"]
[SourceVersionDate "2025.07.09"]
[SourceQuality "1"]

1. e4 c5 2. Nf3 g6 3. c3 Bg7 4. d4 cxd4 5. cxd4 d6 6. h3 Nf6 7. Nc3 0-0 8. Bd3 Nc6 9. Be3 Bd7 10. 0-0 a6 11. Qe2 b5 12. Rac1 Rc8 13. Rfe1 h6 14. d5 Na5 15. Bd4 Nb7 16. b4 Nh5 17. Bxg7 Kxg7 18. Qe3 e5 19. Qa7 Rb8 20. Qxa6 Nf4 21. Bf1 f5 22. exf5 Rxf5 23. Ne4 Nxh3+ 24. gxh3 Rxf3 25. Bg2 Rf4 26. Re3 Bf5 27. Rc6 Bxe4 28. Rxe4 Rf7 29. Rc3 Ra8 30. Qxb5 Rxa2 31. Rf3 Ra1+ 32. Kh2 Qe7 33. Qd3 Ra2 34. Rg4 g5 35. h4 Rxf2 36. Rxf2 Rxf2 37. hxg5 hxg5 38. Qg3 Rf4 39. Rxg5+ Kh6 40. Rg6+ Kh7 41. Bh3 Qf7 42. Rg5 Kh8 43. Bg4 Rf6 44. Qh4+ Qh7 45. Rh5 Rf7 46. Bf5 1-0

[Event "Ankara Baskent Univ op 8th"]
[Site "Ankara"]
[Date "2025.07.01"]
[Round "1"]
[White "Rostami, Mohsen"]
[Black "Aynaoglu, Efe"]
[Result "1-0"]
[WhiteElo "2060"]
[BlackElo "1914"]
[PlyCount "106"]
[EventDate "2025.07.01"]
[EventType "swiss"]
[EventRounds "9"]
[EventCountry "TUR"]
[SourceTitle "CB28_2025"]
[SourceDate "2025.07.09"]
[SourceVersion "1"]
[SourceVersionDate "2025.07.09"]
[SourceQuality "1"]

1. e4 c5 2. Nf3 e6 3. g3 a6 4. Bg2 b5 5. Qe2 Bb7 6. 0-0 Nf6 7. e5 Nd5 8. a4 Qb6 9. d3 Be7 10. axb5 axb5 11. Rxa8 Bxa8 12. Ng5 Nc6 13. c3 0-0 14. Qh5 h6 15. Ne4 f5 16. exf6 Nxf6 17. Nxf6+ Bxf6 18. Be3 Ne5 19. Bxa8 Rxa8 20. Nd2 d5 21. d4 cxd4 22. Bxd4 Qd6 23. Qe2 Nd7 24. Bxf6 Nxf6 25. Qxb5 Rb8 26. Qd3 Rxb2 27. Nc4 Qb8 28. Nxb2 Qxb2 29. Rb1 Qa3 30. Rb8+ Kf7 31. Rb7+ Kg8 32. Qg6 Qf8 33. f4 h5 34. Kg2 Ng4 35. Qxe6+ Kh8 36. Qf7 Qxf7 37. Rxf7 Ne3+ 38. Kf3 Nf1 39. Rd7 Nd2+ 40. Ke2 Ne4 41. Rxd5 Nf6 42. Re5 Kg8 43. c4 g6 44. c5 Nd7 45. c6 Nb6 46. Rb5 Nc4 47. c7 Nd6 48. Rd5 Nc8 49. Rd8+ Kf7 50. Rxc8 g5 51. fxg5 h4 52. gxh4 Ke7 53. Rd8 Kf7 1-0

[Event "Malatya Golden Apricot op 7th"]
[Site "Malatya"]
[Date "2024.08.28"]
[Round "4"]
[White "Rostami, Hossein"]
[Black "Rostami, Mohsen"]
[Result "1/2-1/2"]
[WhiteElo "2207"]
[BlackElo "2037"]
[PlyCount "39"]
[EventDate "2024.08.26"]
[EventType "swiss"]
[EventRounds "9"]
[EventCountry "TUR"]
[SourceTitle "EXT 2025"]
[Source "ChessBase"]
[SourceDate "2024.10.14"]
[SourceVersion "1"]
[SourceVersionDate "2024.10.14"]
[SourceQuality "1"]

1. e4 e5 2. Nf3 Nc6 3. Bb5 Nf6 4. 0-0 Nxe4 5. d4 Nd6 6. dxe5 Nxb5 7. a4 Nbd4 8. Nxd4 d5 9. exd6 Nxd4 10. Qxd4 Qxd6 11. Qe3+ Qe6 12. Qd2 Qd6 13. Qe1+ Qe6 14. Qd2 Qd6 15. Qe3+ Qe6 16. Qd3 Qd6 17. Qe3+ Qe6 18. Qd3 Qd7 19. Qe4+ Qe7 20. Qe3 1/2-1/2

[Event "Ankara Baskent Univ op 6th"]
[Site "Ankara"]
[Date "2023.08.20"]
[Round "9"]
[White "Rostami, Mohsen"]
[Black "Atis, Hasan"]
[Result "0-1"]
[WhiteElo "2013"]
[BlackElo "1977"]
[PlyCount "40"]
[EventDate "2023.08.15"]
[EventType "swiss"]
[EventRounds "9"]
[EventCountry "TUR"]
[SourceTitle "EXT 2024"]
[Source "ChessBase"]
[SourceDate "2023.10.10"]
[SourceVersion "1"]
[SourceVersionDate "2023.10.10"]
[SourceQuality "1"]

1. e4 c5 2. Nc3 Nc6 3. Bb5 Nd4 4. Nf3 e6 5. 0-0 a6 6. Bd3 Ne7 7. Nxd4 cxd4 8. Ne2 Nc6 9. c3 Bc5 10. b4 Ba7 11. cxd4 Nxd4 12. Bb2 Nxe2+ 13. Qxe2 0-0 14. Kh1 d6 15. f4 Bd7 16. Rf3 g6 17. Rg3 Qe7 18. Qh5 Bf2 19. Qh6 e5 20. Rf3 Bh4 0-1

[Event "Ankara Baskent Univ op 6th"]
[Site "Ankara"]
[Date "2023.08.15"]
[Round "1"]
[White "Cilek, Bora"]
[Black "Rostami, Mohsen"]
[Result "1-0"]
[WhiteElo "2254"]
[BlackElo "2013"]
[PlyCount "49"]
[EventDate "2023.08.15"]
[EventType "swiss"]
[EventRounds "9"]
[EventCountry "TUR"]
[SourceTitle "CBM 215 Extra"]
[Source "ChessBase"]
[SourceDate "2023.09.30"]
[SourceVersion "1"]
[SourceVersionDate "2023.09.30"]
[SourceQuality "1"]

1. Nf3 Nf6 2. g3 e6 3. Bg2 d5 4. 0-0 Be7 5. d4 b5 6. a4 b4 7. c4 bxc3 8. Nxc3 Nbd7 9. Bf4 c6 10. a5 Ba6 11. Qa4 Rc8 12. Rfe1 0-0 13. b4 Ne4 14. Rac1 Nxc3 15. Rxc3 Bb5 16. Qb3 Nb8 17. Qb1 Na6 18. Rb3 Nc7 19. h4 f6 20. Rb2 Bd6 21. Bxd6 Qxd6 22. Qc2 Rce8 23. e3 e5 24. e4 Kh8 25. Qc3 1-0

[Event "IRI-ch U16"]
[Site "Chess.com INT"]
[Date "2021.01.16"]
[Round "4"]
[White "Mogheyseh, Abolfazl"]
[Black "Rostami, Mohsen"]
[Result "0-1"]
[WhiteElo "1718"]
[BlackElo "1881"]
[PlyCount "102"]
[EventDate "2021.01.16"]
[EventType "swiss"]
[EventRounds "11"]
[EventCountry "IRI"]
[SourceTitle "EXT 2022"]
[Source "ChessBase"]
[SourceDate "2021.10.06"]
[SourceVersion "1"]
[SourceVersionDate "2021.10.06"]
[SourceQuality "1"]

1. d4 Nf6 2. e3 e6 3. Bd3 d5 4. b3 Bd6 5. Bb2 c5 6. Nf3 Nc6 7. Ne5 cxd4 8. exd4 Qc7 9. f4 0-0 10. a3 a6 11. 0-0 b5 12. Rf3 Bb7 13. Rh3 g6 14. Qe1 Ne4 15. Bxe4 dxe4 16. Ng4 f6 17. Qh4 Qe7 18. d5 Bc5+ 19. Kh1 Nd4 20. dxe6 Rad8 21. Nh6+ Kh8 22. Nf7+ Rxf7 23. exf7 Qxf7 24. Nd2 Rd6 25. b4 Nf5 26. Qe1 e3 27. Nf3 Bxf3 28. gxf3 Bd4 29. Bxd4 Rxd4 30. a4 Qd5 31. axb5 axb5 32. Kg1 Rd2 33. Kh1 e2 34. Kg2 Rd1 35. Qxe2 Rxa1 36. c4 Qf7 37. Qb2 Ra8 38. Kg1 Qa7+ 39. Kf1 Qa1+ 40. Qxa1 Rxa1+ 41. Ke2 bxc4 42. Kd2 Ra3 43. b5 Rb3 44. b6 Rxb6 45. Kc3 Re6 46. Kxc4 Kg7 47. Kd3 h5 48. Kd2 Kh6 49. Kd3 g5 50. fxg5+ fxg5 51. f4 g4 0-1

[Event "IRI-ch U16"]
[Site "Chess.com INT"]
[Date "2021.01.16"]
[Round "10"]
[White "Nosratizadeh, Reza"]
[Black "Rostami, Mohsen"]
[Result "1/2-1/2"]
[WhiteElo "1767"]
[BlackElo "1881"]
[PlyCount "118"]
[EventDate "2021.01.16"]
[EventType "swiss"]
[EventRounds "11"]
[EventCountry "IRI"]
[SourceTitle "EXT 2022"]
[Source "ChessBase"]
[SourceDate "2021.10.06"]
[SourceVersion "1"]
[SourceVersionDate "2021.10.06"]
[SourceQuality "1"]

1. d4 Nf6 2. c4 e6 3. Nc3 Bb4 4. Qc2 b6 5. e4 c5 6. d5 Qe7 7. Be2 d6 8. Nf3 0-0 9. 0-0 Bxc3 10. bxc3 exd5 11. exd5 Bg4 12. Be3 Nbd7 13. Rfe1 Rae8 14. h3 Bh5 15. a4 Ne4 16. a5 f5 17. Bf4 Qf6 18. axb6 axb6 19. Ra3 Rf7 20. Rea1 Rfe7 21. Bf1 g5 22. Bh2 g4 23. Nd2 gxh3 24. Nxe4 fxe4 25. Ra8 e3 26. Rxe8+ Rxe8 27. fxe3 Bg6 28. Qf2 Qxc3 29. Ra7 Qg7 30. Bxd6 hxg2 31. Bxg2 Be4 32. Kh2 Qh6+ 33. Bh3 Qxd6+ 34. Qg3+ Qxg3+ 35. Kxg3 Ne5 36. Be6+ Kh8 37. Kf4 Nc6 38. Rc7 Na5 39. Kxe4 Nxc4 40. Kd3 Ne5+ 41. Ke4 Nc4 42. Kd3 b5 43. e4 Ne5+ 44. Kc3 b4+ 45. Kb3 Rd8 46. Rxc5 Nd3 47. Rc4 h5 48. Rc8 Rxc8 49. Bxc8 Nc5+ 50. Kxb4 Nxe4 51. Bf5 Nf6 52. d6 Kg7 53. Kc5 Kf7 54. Kd4 h4 55. Ke5 Kg7 56. Ke6 h3 57. Bxh3 Ne4 58. d7 Nc5+ 59. Kd5 Nxd7 1/2-1/2